LDR 00764naa#a2200193#i#450# 001 EN\\bibl\120292 005 20260417002549.5 011 ## _a1819-4036 100 ## _a20210331b2021####ek#y0engy0150####ca 102 ## _aRU 200 1# _aSTUDY OF THE POSSIBILITY OF USING CHICKPEAS AS AN INGREDIENT OF A BASIC SPONGE CAKE _eJournal article 210 1# _aKrasnoyarsk _cKrasnoyarsk State Agrarian University _d2021 215 ## _a6 с. 608 ## _aJournal article _2local 675 ## _aПищевая промышленность в целом. Производство и консервирование пищевых продуктов. 664 _z 700 #1 _aZaharova _gIrina Ivanovna 700 #1 _aTolstova _gElena Gennad'evna 700 #1 _aIvanova _gOl'ga Nikolaevna 856 4# _avestnik.kgau.ru _u